000 00983nam2a22002531 4500
001 2561294
005 20250622222004.0
021 _aRU
_b74-98183
035 _a(NLR Aleph) 006446400
090 _a5693267
_c5693267
100 _a20110316d1974 |||y0rusy50 ca
101 0 _arus
102 _aRU
105 _ay z |||||
200 1 _aМеждународные отношения после Второй Мировой войны
_aДвижение народов за мир
_fСост. М.И. Артемова
210 _d1974
_aБ. м.
215 _a21 с.
461 0 _10012561292
_12001#$aНовейшая история$eФакультатив для учителей...$fМ-во культуры СССР, Гос. публ. ист. б-ка РСФСР$v... на 1974-1975 учебный год. Тема [1]
702 1 _aАртемова
_bМ.И.
_4220
801 0 _aRU
_bNLR
_gpsbo
801 1 _aRU
_bELAR
_2rusmarc
852 _aNLR
_jDesideratum
942 _cBOOK
980 _aNB